Nicaragua año V: transformaciones y tensiones en la economía

محفوظ في:
التفاصيل البيبلوغرافية
المؤلف الرئيسي: Vilas, Carlos
التنسيق: نص
منشور في: Panamá
الوسوم: إضافة وسم
لا توجد وسوم, كن أول من يضع وسما على هذه التسجيلة!

MARC

LEADER 00000 a a2200000 04500
001 21583
003
040
090 |a 095800  
100 |a Vilas, Carlos  
245 |a Nicaragua año V: transformaciones y tensiones en la economía  
260 |a Panamá  
300 |a 38 p.  
999 |c 15262  |d 15262